000 00934nam a22003137a 4500
001 BR8108181
003 BR-BrBNA
005 20230928091140.0
007 ta
008 230509b bl.||||| |||| 00| 0 por d
040 _aBR-BrBNA
_bpor
_cBiblioteca Nacional de Agricultura
041 _a(Por)
072 _aF21
_b2120
_b1930
_b1030
_b0336
090 _ 2120 BR8108181
100 1 _aCaldeira, S.F.
110 1 _aUniversidade Federal de Vicosa, MG (Brasil)
_0Tese (Magister Scientiae)
245 1 _aObservacoes sobre a associacao de endomicorrizas com cafe, capim-gordura, limao-rosa e soja [microbiologia do solo]
260 3 _aVicosa, MG (Brasil):
_c1981.
300 _a40 p.
500 _a10 tables; 32 ref.; Summaries (Eng, Por)
650 _aCAFE
650 _aCAPIM GORDURA
650 _aLIMAO
650 _aSOJA
650 _aSOLO
650 _aMICORRIZA
909 _a202309
_bLucia
_c55
_dLucia Elande
942 _cBK
999 _c32482
_d32482